Online
Catalog

Ruben Dario : (Record no. 32765)

MARC details
000 -CABECERA
campo de control de longitud fija 00482nam a2200145 a 4500
001 - NÚMERO DE CONTROL
campo de control 000033274
005 - FECHA Y HORA DE LA ÚLTIMA TRANSACCIÓN
campo de control 20240308073621.0
008 - DATOS DE LONGITUD FIJA--INFORMACIÓN GENERAL
campo de control de longitud fija 110823s1916 cu c 000 0 spa d
040 ## - FUENTE DE LA CATALOGACIÓN
Centro catalogador/agencia de origen DO-SdBNP
Lengua de catalogación spa
Centro/agencia transcriptor BNPHU
082 ## - NÚMERO DE LA CLASIFICACIÓN DECIMAL DEWEY
Número de clasificación xxxx
Número de documento/Ítem C422
100 1# - ENTRADA PRINCIPAL--NOMBRE DE PERSONA
Nombre de persona Cestero, Tulio M.,
Forma completa/desarrollada del nombre (Tulio Manuel),
Fechas asociadas al nombre 1877-1955
9 (RLIN) 1698
245 10 - MENCIÓN DE TÍTULO
Título Ruben Dario :
Resto del título (El hombre y el poeta) /
Mención de responsabilidad, etc. Tulio M. Cestero.
260 ## - PUBLICACIÓN, DISTRIBUCIÓN, ETC.
Lugar de publicación, distribución, etc. La Habana, Cuba :
Nombre del editor, distribuidor, etc. Biblioteca del Heraldo de Cuba,
Fecha de publicación, distribución, etc. 1916.
300 ## - DESCRIPCIÓN FÍSICA
Extensión 19 p. :
Otras características físicas retr. ;
Dimensiones 21 cm.
Holdings
Estado de retiro Estado de pérdida Restricciones de uso No para préstamo Código de colección Localización permanente Ubicación/localización actual Ubicación en estantería Fecha de adquisición Número de inventario Total de préstamos Signatura topográfica completa Código de barras Fecha visto por última vez Precio válido a partir de Tipo de ítem Koha
      Excluido de préstamo Raros y valiosos Patrimonio Dominicano Patrimonio Dominicano En catalogación 23.08.2011 LF1   xxxx C422 33274-10 25.06.2020 25.06.2020 No se presta

Powered by Koha